15 questions sur l'Histoire de la France - Statistiques

Statistiques générales
  • Ce quiz a été pris 710 fois
  • Le résultat moyen est 12 sur 14
Statistiques - réponses
Question Réponse % Correct
Napoléon était un ? Empereur
98%
Depuis quelle ville le Général De Gaulle lance son appel le 18 juin 1940 ? Londres
97%
A quoi servait la Bastille avant sa démolition ? Prison
94%
Qui était le roi de France durant la révolution française ? Louis XVI
93%
En quelle année le droit de vote est-il accordé aux femmes en France ? 1944
91%
La Déclaration des Droits de l'Homme et du Citoyen a été adoptée en ... ? 1789
90%
Qui devient Roi des Francs à l'âge de 15 ans en 481 ? Clovis
90%
Quelle bataille signe la fin de l'épopée napoléonienne ? Waterloo
90%
A quoi correspond la date du 8 mai dans l'Histoire de France ? Capitulation de l'armée allemande
88%
Quel Roi de France a régné le plus longtemps ? Louis XIV
86%
Quel était le nom de Paris il y a 2 000 ans ? Lutèce
82%
Combien d'année a vraiment duré la Guerre de Cent Ans ? 116
79%
En quelle année la France abolit l'esclavage ? 1848
79%
Quel était le surnom de Louis IX Saint Louis
61%
Aucun quiz correspondant
Distribution des résultats
% des personnes avec chaque résultat
Percentile par nombre de réponses
Votre historique - résultats
Vous n’avez pas pris ce quiz